000 00606nam a2200193Ia 4500
003 GCL
008 140319s9999 xx 000 0 ara d
040 _aGCL /
_cGCL
082 0 4 _a843.03
_bم ق
100 1 _aحسن نديم (مترجم)
245 1 0 _aقصص من اندرية موروا /
_cحسن نديم (مترجم)
700 1 _aموروا , اندرية
700 1 _aيحيى الخشاب
300 _a166 ص
490 _aالابداع العالمى
_v0
650 0 4 _aالادب الفرنسى المترجم
650 0 4 _aالقصص الفرنسية المترجمة
942 _2ddc
_cBK
999 _c40128
_d40128